000
00300nam a2200109Ia 4500
008
171211s9999 xx 000 0 und d
245
4
_a
The NPR Curious Listener's Guide to Opera
245
_c
William Berger
260
_c
2002
650
_x
ART
856
_u
http://down.ebook777.com/061/0399527435.pdf
999
_c
348589
_d
348589